| 000 | 00603nam a2200205Ia 4500 | ||
|---|---|---|---|
| 003 | LDD | ||
| 008 | 181029s9999 xx 000 0 und d | ||
| 020 |
_a9788123913636 _c235.00 |
||
| 040 | _cLDD | ||
| 100 | _aGopal, R. | ||
| 245 | 0 |
_aProblems and solutions in analog systems _cR. Gopal |
|
| 260 |
_aNew Delhi _bCBS Publishers _c2006 |
||
| 300 | _av, 414p. | ||
| 365 | _b235.00 | ||
| 440 | _aCBS problem and solution series | ||
| 901 |
_a10638 _b19-02-2013 |
||
| 902 |
_a2012-2013/172 _b25-02-2013 _cF _dS-A _e53 |
||
| 903 |
_aDiscount-15 _bReqst by : Subha M. Gokhale |
||
| 942 |
_2ddc _cBK |
||
| 999 |
_c108098 _d108098 |
||